000
00344pab a2200145 454500
008
180718b2002 xxu||||| |||| 00| 0 eng d
100
_a
Bhowmik, Sharit
245
_a
Classes in urban industrial society
260
_c
2002
300
_a
p.66-72.
362
_a
Oct-Dec
650
_a
Social class
773
_a
IASSI Quarterly
909
_a
58915
999
_c
58915
_d
58915